[Event "FICGS theme 0000 email"]
[Site "FICGS email"]
[Date "2009.09.02"]
[Round "1"]
[White "Parmet, Daniel Edward"]
[Black "Richardson, Patrick"]
[Result "1-0"]
[WhiteElo "1962"]
[BlackElo "1550"]
[PlyCount "37"]
[EventDate "2009.??.??"]
[EventType "swiss (corr)"]
[EventRounds "1"]
[SourceTitle "Corr 2022"]
[Source "ChessBase"]
[SourceDate "2021.10.24"]
[SourceVersion "1"]
[SourceVersionDate "2021.10.24"]
[SourceQuality "1"]

1. d4 Nf6 2. c4 c5 3. d5 b5 4. cxb5 a6 5. f3 d6 6. e4 Nbd7 7. Nh3 g6 8. Nf2 Bg7 9. Nc3 0-0 10. Be2 Bb7 11. 0-0 Re8 12. Be3 e6 13. dxe6 Rxe6 14. Bc4 d5 15. Nxd5 Nxd5 16. Bxd5 Bxd5 17. Qxd5 Bxb2 18. Rad1 Re7 19. Bg5 1-0

[Event "FICGS theme 0000 email"]
[Site "FICGS email"]
[Date "2009.09.02"]
[Round "1"]
[White "Richardson, Patrick"]
[Black "Kruse, Herbert"]
[Result "0-1"]
[WhiteElo "1550"]
[BlackElo "2295"]
[PlyCount "40"]
[EventDate "2009.??.??"]
[EventType "swiss (corr)"]
[EventRounds "1"]
[SourceTitle "Corr 2022"]
[Source "ChessBase"]
[SourceDate "2021.10.24"]
[SourceVersion "1"]
[SourceVersionDate "2021.10.24"]
[SourceQuality "1"]

1. d4 Nf6 2. c4 c5 3. d5 b5 4. cxb5 Qa5+ 5. Bd2 Qxb5 6. b3 Qb7 7. Nc3 Nxd5 8. e4 Nxc3 9. Bxc3 Qxe4+ 10. Qe2 Qxe2+ 11. Bxe2 Nc6 12. Nf3 f6 13. 0-0 d5 14. Bb5 Bd7 15. Rad1 Rb8 16. Ba4 e6 17. h3 Bd6 18. Bxc6 Bxc6 19. Nh2 Kf7 20. f4 d4 0-1

[Event "FICGS rapid C 000077 email"]
[Site "FICGS email"]
[Date "2009.08.30"]
[Round "1"]
[White "Giandomenico, Alfonso"]
[Black "Richardson, Patrick"]
[Result "1-0"]
[WhiteElo "1598"]
[BlackElo "1550"]
[PlyCount "23"]
[EventDate "2009.??.??"]
[EventType "tourn (rapid)"]
[EventRounds "4"]
[SourceTitle "Corr 2022"]
[Source "ChessBase"]
[SourceDate "2021.10.24"]
[SourceVersion "1"]
[SourceVersionDate "2021.10.24"]
[SourceQuality "1"]

1. e4 Nf6 2. Nc3 d5 3. exd5 Nxd5 4. Bc4 Nb6 5. Bb3 e5 6. d3 Bd6 7. Nf3 0-0 8. 0-0 Nc6 9. Ng5 Be6 10. Bxe6 fxe6 11. Nxe6 Qe8 12. Nxf8 1-0

[Event "FICGS theme 0000 email"]
[Site "FICGS email"]
[Date "2009.08.29"]
[Round "1"]
[White "Richardson, Patrick"]
[Black "Jerez, Miriam"]
[Result "0-1"]
[WhiteElo "1550"]
[BlackElo "1283"]
[PlyCount "30"]
[EventDate "2009.??.??"]
[EventType "swiss (corr)"]
[EventRounds "1"]
[SourceTitle "Corr 2022"]
[Source "ChessBase"]
[SourceDate "2021.10.24"]
[SourceVersion "1"]
[SourceVersionDate "2021.10.24"]
[SourceQuality "1"]

1. e4 e5 2. Nf3 Nc6 3. Nc3 Nf6 4. d4 exd4 5. Nxd4 Nxd4 6. Qxd4 d6 7. Bg5 Be7 8. Bd3 c5 9. Qa4+ Qd7 10. 0-0 Qxa4 11. Nxa4 0-0 12. Bxf6 Bxf6 13. c3 a6 14. Nb6 Rb8 15. Nxc8 Rbxc8 0-1

[Event "FICGS theme 0000 email"]
[Site "FICGS email"]
[Date "2009.08.29"]
[Round "1"]
[White "Richardson, Patrick"]
[Black "Savu, Alex"]
[Result "0-1"]
[WhiteElo "1550"]
[BlackElo "1350"]
[PlyCount "30"]
[EventDate "2009.??.??"]
[EventType "swiss (corr)"]
[EventRounds "1"]
[SourceTitle "Corr 2022"]
[Source "ChessBase"]
[SourceDate "2021.10.24"]
[SourceVersion "1"]
[SourceVersionDate "2021.10.24"]
[SourceQuality "1"]

1. e4 e5 2. Nf3 Nc6 3. Nc3 Nf6 4. d4 exd4 5. Nxd4 Bb4 6. Nxc6 bxc6 7. Bd2 0-0 8. Bd3 Re8 9. 0-0 Bxc3 10. Bxc3 Nxe4 11. Qf3 Nxc3 12. bxc3 d5 13. Qg3 Rb8 14. c4 Qe7 15. Rae1 Qxe1 0-1

[Event "FICGS class C 000079 email"]
[Site "FICGS email"]
[Date "2008.05.02"]
[Round "1"]
[White "Block, Benjamin"]
[Black "Richardson, Patrick"]
[Result "1-0"]
[WhiteElo "1711"]
[BlackElo "1833"]
[PlyCount "31"]
[EventDate "2008.??.??"]
[EventType "tourn (corr)"]
[EventRounds "4"]
[SourceTitle "Corr 2022"]
[Source "ChessBase"]
[SourceDate "2021.10.24"]
[SourceVersion "1"]
[SourceVersionDate "2021.10.24"]
[SourceQuality "1"]

1. d4 d5 2. c4 c6 3. Nf3 Nf6 4. Nbd2 Bf5 5. b3 Na6 6. a3 g6 7. Nh4 Bd7 8. Bb2 Bg7 9. e3 Ne4 10. Rc1 0-0 11. Nhf3 Nac5 12. Rc2 Nxd2 13. Nxd2 Ne4 14. Bd3 Nxd2 15. Qxd2 Qb6 16. Qb4 1-0

[Event "FICGS class C 000079 email"]
[Site "FICGS email"]
[Date "2008.05.02"]
[Round "1"]
[White "Milenkovic, Vladimir"]
[Black "Richardson, Patrick"]
[Result "1-0"]
[WhiteElo "1682"]
[BlackElo "1833"]
[PlyCount "23"]
[EventDate "2008.??.??"]
[EventType "tourn (corr)"]
[EventRounds "4"]
[SourceTitle "Corr 2022"]
[Source "ChessBase"]
[SourceDate "2021.10.24"]
[SourceVersion "1"]
[SourceVersionDate "2021.10.24"]
[SourceQuality "1"]

1. d4 d5 2. c4 c6 3. Nc3 Nf6 4. Nf3 e6 5. e3 Nbd7 6. Bd3 dxc4 7. Bxc4 b5 8. Bd3 a6 9. a4 b4 10. Ne4 c5 11. Nxf6+ Nxf6 12. 0-0 1-0

[Event "FICGS class C 000079 email"]
[Site "FICGS email"]
[Date "2008.05.02"]
[Round "1"]
[White "Richardson, Patrick"]
[Black "Janse, Japie"]
[Result "0-1"]
[WhiteElo "1833"]
[BlackElo "1488"]
[PlyCount "28"]
[EventDate "2008.??.??"]
[EventType "tourn (corr)"]
[EventRounds "4"]
[SourceTitle "Corr 2022"]
[Source "ChessBase"]
[SourceDate "2021.10.24"]
[SourceVersion "1"]
[SourceVersionDate "2021.10.24"]
[SourceQuality "1"]

1. d4 d5 2. c4 c6 3. Nf3 Nf6 4. Nc3 e6 5. Bg5 Be7 6. e3 h6 7. Bh4 0-0 8. Bd3 dxc4 9. Bxc4 Nd5 10. Bxe7 Qxe7 11. 0-0 b5 12. Bd3 b4 13. Nxd5 cxd5 14. Rc1 Ba6 0-1

[Event "LSS BI-2008-P-00003"]
[Site "LSS email"]
[Date "2008.04.27"]
[Round "?"]
[White "Szabo, Vilmos"]
[Black "Richardson, Patrick"]
[Result "1-0"]
[WhiteElo "2311"]
[BlackElo "1246"]
[PlyCount "25"]
[EventDate "2008.04.27"]
[EventType "tourn (corr)"]
[EventRounds "10"]
[EventCountry "GER"]
[SourceTitle "Corr 2013"]
[Source "ChessBase"]
[SourceDate "2012.11.12"]
[SourceVersion "1"]
[SourceVersionDate "2012.11.12"]
[SourceQuality "1"]
[WhiteTeam "US of America"]
[BlackTeam "US of America"]
[WhiteTeamCountry "USA"]
[BlackTeamCountry "USA"]

1. d4 d5 2. c4 c6 3. Nc3 Nf6 4. Nf3 e6 5. e3 Nbd7 6. Bd3 dxc4 7. Bxc4 b5 8. Bd3 a6 9. e4 c5 10. d5 c4 11. dxe6 fxe6 12. Bc2 Qc7 13. 0-0 1-0

[Event "LSS ZN-2008-0-00440"]
[Site "LSS email"]
[Date "2008.03.31"]
[Round "?"]
[White "Dieken, Thorsten"]
[Black "Richardson, Patrick"]
[Result "0-1"]
[WhiteElo "990"]
[BlackElo "1246"]
[PlyCount "26"]
[EventDate "2008.03.30"]
[EventType "match (corr)"]
[EventRounds "2"]
[EventCountry "GER"]
[SourceTitle "Corr 2013"]
[Source "ChessBase"]
[SourceDate "2012.11.12"]
[SourceVersion "1"]
[SourceVersionDate "2012.11.12"]
[SourceQuality "1"]

1. e4 Nf6 2. Bd3 e5 3. Nf3 Nc6 4. Nc3 Bc5 5. 0-0 0-0 6. Bb5 Nd4 7. Nxe5 d6 8. Nc4 Bg4 9. f3 Nxf3+ 10. Kh1 Nxh2 11. Qe1 Nxf1 12. Qxf1 Nxe4 13. Nxe4 Qh4# 0-1

[Event "FICGS class C 000075 email"]
[Site "FICGS email"]
[Date "2008.03.08"]
[Round "1"]
[White "Timkin, Nikolay"]
[Black "Richardson, Patrick"]
[Result "1-0"]
[WhiteElo "1751"]
[BlackElo "1686"]
[PlyCount "57"]
[EventDate "2008.??.??"]
[EventType "tourn (corr)"]
[EventRounds "4"]
[SourceTitle "Corr 2022"]
[Source "ChessBase"]
[SourceDate "2021.10.24"]
[SourceVersion "1"]
[SourceVersionDate "2021.10.24"]
[SourceQuality "1"]

1. e4 Nf6 2. e5 Nd5 3. d4 d6 4. Nf3 Bg4 5. Be2 e6 6. 0-0 Be7 7. c4 Nb6 8. Nc3 0-0 9. Be3 d5 10. c5 N6d7 11. b4 f6 12. exf6 Nxf6 13. Ne5 Bxe2 14. Qxe2 Ne4 15. Nxe4 dxe4 16. f3 exf3 17. Rxf3 Nc6 18. Rxf8+ Qxf8 19. Nxc6 bxc6 20. Rf1 Bf6 21. Qf3 Qe8 22. Qg4 Kh8 23. Rf4 Qd7 24. Re4 Re8 25. a3 Qd5 26. Bf2 Kg8 27. Rf4 Rf8 28. h3 h5 29. Qe2 1-0

[Event "LSS OP-2008-0-00485"]
[Site "LSS email"]
[Date "2008.02.26"]
[Round "?"]
[White "Lopez, Enrique"]
[Black "Richardson, Patrick"]
[Result "0-1"]
[WhiteElo "525"]
[BlackElo "800"]
[PlyCount "50"]
[EventDate "2008.02.25"]
[EventType "tourn (corr)"]
[EventRounds "4"]
[EventCountry "GER"]
[SourceTitle "Corr 2011"]
[Source "ChessBase"]
[SourceDate "2010.08.31"]
[SourceVersion "1"]
[SourceVersionDate "2010.08.31"]
[SourceQuality "1"]

1. d4 d5 2. e3 Nf6 3. Bb5+ Bd7 4. Bf1 Nc6 5. f4 g6 6. Nf3 Bg7 7. Nc3 0-0 8. Bd3 Nb4 9. Ne5 Be6 10. Bb5 a6 11. Be2 Bf5 12. Bf3 Nxc2+ 13. Kf2 Nxa1 14. Qa4 h5 15. Qa5 Nc2 16. Bd2 e6 17. Bxd5 exd5 18. Qc5 Bd7 19. Nxd5 Ne4+ 20. Kf3 Nxc5 21. dxc5 Bg4+ 22. Nxg4 Qxd5+ 23. e4 hxg4+ 24. Kxg4 Qxd2 25. Rf1 Qxg2+ 0-1